LIBRARY & INFORMATION CENTRE, KCAET, TAVANUR

ONLINE PUBLIC ACCESS CATALOGUE (OPAC)

Temperatures- Very low and very high / (Record no. 7234)

MARC details
000 -LEADER
fixed length control field 00392cam a2200145ua 4500
041 ## - LANGUAGE CODE
Language code of text/sound track or separate title eng
082 ## - DEWEY DECIMAL CLASSIFICATION NUMBER
Classification number 536.5
Item number ZEM/TE
100 ## - MAIN ENTRY--AUTHOR NAME
Personal name Zemansky, Mark W .
245 ## - TITLE STATEMENT
Title Temperatures- Very low and very high /
260 ## - PUBLICATION, DISTRIBUTION, ETC. (IMPRINT)
Place of publication New York :
Name of publisher Van Nostrand Reinhold Company ,
Year of publication 1964.
300 ## - PHYSICAL DESCRIPTION
Number of Pages 127 ; .
942 ## - ADDED ENTRY ELEMENTS (KOHA)
Koha item type Books
Holdings
Withdrawn status Lost status Damaged status Home library Current library Date acquired Full call number Accession Number Koha item type
      KAUAET KAUAET 07/04/2012 536.5 ZEM/TE 10601 Books
free website counter